| 000 | 01408nam a2200229Ia 4500 | ||
|---|---|---|---|
| 999 |
_c38161 _d38161 |
||
| 001 | 4151 | ||
| 003 | GE_BSU | ||
| 005 | 20190918151437.0 | ||
| 008 | 181216s1985||||ge |||||||||||||| ||geo|| | ||
| 040 | _cGE_BSU | ||
| 041 | _ageo | ||
| 080 | _a39(479.22)+72(479.22) ბ-26 | ||
| 100 |
_aბარდაველიძე, ვერა _91237 |
||
| 245 |
_aაღმოსავლეთ საქართველოს მთიანეთის ტრადიციული საზოგადოებრივ–საკულტო ძეგლები : 3 ტომად : _b ტ. 2, ნაწ. 2 : თუშეთი / _cივ. ჯავახიშვილის სახ. ისტორიის, არქეოლოგიისა და ეთნოგრაფიის ინ-ტი; რედ. გ. ჩიტაია. |
||
| 264 |
_aთბ. : _bმეცნიერება, _c1985. |
||
| 300 |
_a242 გვ. ; _b26 სმ. |
||
| 653 | _aთუშეთის საკულტო ძეგლები | ||
| 653 | _aქართველების ეთნოგრაფია | ||
| 700 |
_aჩიტაია, გ. _eრედაქტორი _94091 |
||
| 710 |
_aივ. ჯავახიშვილის სახ. ისტორიის, არქეოლოგიისა და ეთნოგრაფიის ინ-ტი. _91177 |
||
| 942 |
_cBK _2udc |
||